banner koha

CYTOKININ AND FLASK SEALING AFFECT SHOOT PROLIFERATION AND In Vitro DEVELOPMENT OF Jacaranda cuspidifolia MART. MICROCUTTINGS (Registro n. 330473)

MARC details
000 -LÍDER
fixed length control field 04704nab a2200313 i 4500
003 - CÓDIGO MARC DA AGÊNCIA CATALOGADORA
Campo de controle BR-BrBNA
005 - DATA E HORA DA ÚLTIMA ATUALIZAÇÃO
Campo de controle 20250317215111.0
008 - CAMPO DE TAMANHO FIXO
fixed length control field 250317b2022 bl.ar|pooa||| 00| 0 eng |
040 ## - FONTE DA CATALOGAÇÃO
Agência catalogadora BR-BrBNA
Idioma da catalogação eng
072 ## - CATEGORIA AGRIS
Código AGRIS K10
Código do objeto 3290
100 ## - ENTRADA PRINCIPAL - NOME PESSOAL
Nome pessoal Ferreira, Deise Kelle Barbosa
100 ## - ENTRADA PRINCIPAL - NOME PESSOAL
Nome pessoal Dias, Lana Laene Lima
100 ## - ENTRADA PRINCIPAL - NOME PESSOAL
Nome pessoal Silva, Lázara Aline Simões
100 ## - ENTRADA PRINCIPAL - NOME PESSOAL
Nome pessoal Costa Netto, Antônio Paulino da
100 ## - ENTRADA PRINCIPAL - NOME PESSOAL
Nome pessoal Kuster, Vinícius Coelho
100 ## - ENTRADA PRINCIPAL - NOME PESSOAL
Nome pessoal Rocha, Diego Ismael
245 ## - TÍTULO PRINCIPAL
Título principal CYTOKININ AND FLASK SEALING AFFECT SHOOT PROLIFERATION AND In Vitro DEVELOPMENT OF Jacaranda cuspidifolia MART. MICROCUTTINGS
500 ## - NOTA GERAL
Nota geral Publicação on-line; 44 ref.; 3 illus; Sumaries (En, Pt)
942 ## - ADDED ENTRY ELEMENTS (KOHA)
Koha item type Analítica
520 ## - NOTA DE RESUMO
Nota de conteúdo <br/><br/>ABSTRACT – Plant growth regulators (PGRs) and types of fl asks sealing that allow gas exchange can favor the development of in vitro plant propagation systems. The objective of the present study was to evaluate the eff ects of cytokinin supplementation on the induction of shoot proliferation and the infl uence of gas exchange on the in vitro development of Jacaranda cuspidifolia Mart microcuttings. Nodal segments were cultured in medium supplemented with diff erent concentrations (0.25; 0.5; 1.0 and 2.0 mg L-1) of 6-benzyladenine (BA). In the control treatment, there was no addition of PGRs. After 30 days of culture, the microcuttings were isolated and transferred to a rooting medium supplemented with 1.0 mg L-1 indole-3-butyric acid. At this stage, the culture fl asks were sealed with rigid polypropylene lids with a porous membrane (1 M; 21 μL L -1 s-1 CO2 ) or with no membrane (0 M; 14 μL L-1 s-1 CO2 ). Cytokinin supplementation induced the activation of axillary buds of J. cuspidifolia. The highest numbers of shoots were observed in explants cultivated in the presence of 0.5–1.0 mg L-1 BA. The microcuttings kept in fl asks with a higher level of gas exchange (1M) had a higher percentage of rooting and greater root and shoot lengths. Microscopic analysis showed a greater diff erentiation of leaf tissues in plants kept in fl asks with a higher level of gas exchange (1M). These plants also showed greater mesophyll thickness and, consequently, greater leaf blade thickness. The results provide new information for establishing an effi cient in vitro propagation system for J. cuspidifolia. <br/><br/>Keywords: Cytokinin; Gas Exchange; Micropropagation.
520 ## - NOTA DE RESUMO
Nota de conteúdo <br/><br/>RESUMO – Reguladores de crescimento (RCs) e tipos de vedação de frascos que permitem as trocas gasosas podem favorecer o desenvolvimento de sistemas de propagação in vitro de plantas. O objetivo do presente estudo foi avaliar os efeitos da suplementação de citocinina na indução de multibrotações e a influência das trocas gasosas no desenvolvimento in vitro de microestacas de Jacaranda cuspidifolia Mart. Segmentos nodais foram cultivados em meio suplementado com diferentes concentrações (0,25; 0,5; 1,0 e 2,0 mg L-1) de 6-benziladenina (BA). No tratamento controle não houve adição de RCs. Após 30 dias de cultivo, as microestacas foram isoladas e transferidas para um meio de enraizamento suplementado com 1,0 mg L-1 de ácido indol-3-butírico. Nesta etapa, os frascos de cultura foram vedados com tampas rígidas de polipropileno com membrana porosa (1 M; 21 μL L-1 s-1 CO2 ) ou sem membrana (0 M; 14 μL L-1 s-1 CO2 ). A suplementação de citocinina induziu a ativação de gemas axilares de J. cuspidifolia. Os maiores números de gemas foram observados nos explantes cultivados na presença de 0,5 – 1,0 mg L-1 BA. As microestacas mantidas em frascos com maior nível de troca gasosa (1M) apresentaram maior porcentagem de enraizamento e maiores comprimentos de raiz e de parte aérea. A análise microscópica mostrou maior diferenciação dos tecidos foliares nas plantas mantidas em frascos com maior nível de troca gasosa (1M). Essas plantas também apresentaram maior espessura do mesofilo e consequentemente maior espessura da lâmina foliar. Os resultados obtidos fornecem novas informações para o estabelecimento de um sistema eficiente de propagação in vitro para J. cuspidifolia. <br/><br/>Palavras-Chave: Citocinina; Trocas gasosas; Micropropagação
650 ## - ASSUNTO - THESAGRO
Cabeçalho tópico ou nome geográfico JACARANDÁ
650 ## - ASSUNTO - THESAGRO
Cabeçalho tópico ou nome geográfico MICROPROPAGAÇÃO
650 ## - ASSUNTO - THESAGRO
Cabeçalho tópico ou nome geográfico ESTACA
650 ## - ASSUNTO - THESAGRO
Cabeçalho tópico ou nome geográfico TROCA GASOSA
773 0# - ENTRADA ANALÍTICA
Host Biblionumber 812
Registro do item 346929
Imprenta Viçosa-MG Sociedade de Investigações Florestais - Universidade Federal de Viçosa. Depto. de Engenharia Florestal 1977
Outro identificador 2024-7727
Título Revista Árvore (Brazil)
ISSN 0100-6762
Colação v. 46 p. 1-12; (2022)
Número de controle de registro BR2024004896
856 ## - ACESSO E ENDEREÇO ELETRÔNICO
Identificador uniforme de recurso - URI https://www.scielo.br/j/rarv/a/ssXBmszQhTggLHZbFjt64qx/?format=pdf&lang=en

Nenhum exemplar disponível.

BINAGRI

Telefone: (61)3218-2567/2388/3357/2097 - binagri@agro.gov.br

Ministério da Agricultura e Pecuária , Esplanada dos Ministérios, Bloco D, Anexo B, Brasília/DF, CEP: 70.043-900